| 000 | 004370000a22001810004500 | ||
|---|---|---|---|
| 003 | MACL | ||
| 005 | 20151229165409.0 | ||
| 008 | 151229b xxu||||| |||| 00| 0 eng d | ||
| 040 |
_aMACL _cMACL |
||
| 041 | _aEnglish | ||
| 082 | _a200/GIR | ||
| 100 |
_aGiri, Swami Mahadevananda _924323 |
||
| 245 | _aVedic Culture | ||
| 260 |
_bUniversity of Calutta _c1947 |
||
| 350 | _a8 | ||
| 650 |
_aReligion _924324 |
||
| 942 |
_cBK _k200/Giri _2ddc |
||
| 999 |
_c34607 _d34607 |
||